Playlista Spotify - 🤘 - Statystyki

Ogólne statystyki
  • Ten quiz został rozwiązany 4 razy
  • Średni wynik to 127 z 500
Statystyki odpowiedzi
# Wykonawca Tytuł Album % Poprawnych
279 Guns N' Roses November Rain Use Your Illusion I
75%
26 Duncan Laurence Arcade Arcade
50%
68 Red Hot Chili Peppers Californication Californication
50%
70 Käärijä Cha Cha Cha Cha Cha Cha
50%
83 Ozzy Osbourne Crazy Train Blizzard of Ozz
50%
115 Rammstein Du hast Sehnsucht
50%
125 Metallica Enter Sandman Metallica
50%
165 Nirvana Heart-Shaped Box In Utero
50%
253 Pink Floyd Money The Dark Side of the Moon
50%
254 Pink Floyd Money - 2001 Remastered Version A Collection of Great Dance Songs
50%
284 Metallica One ...And Justice for All
50%
293 Black Sabbath Paranoid Paranoid
50%
302 Nirvana Polly Nevermind
50%
318 Rammstein Rein raus Mutter
50%
320 Metallica Ride the Lightning Ride the Lightning
50%
347 Nirvana Smells Like Teen Spirit Nevermind
50%
358 Rammstein Sonne Mutter
50%
377 Guns N' Roses Sweet Child 'O Mine Appetite for Destruction
50%
380 Hozier Take Me To Church Hozier
50%
500 Molchat Doma Танцевать Этажи
25%
1 Guns N' Roses 14 Years Use Your Illusion II
25%
2 Metallica 2 X 4 Load
25%
3 Metallica 72 Seasons 72 Seasons
25%
6 NIrvana About a Girl Bleach
25%
7 Stone Sour Absolute Zero House of Gold & Bones, Part 1
25%
8 Rammstein Adios Mutter
25%
9 Metallica Ain't My Bitch Load
25%
10 Pink Floyd Alan's Psychedelic Breakfast Atom Heart Mother
25%
11 Nirvana All Apologies In Utero
25%
12 Slipknot All Hope Is Gone All Hope Is Gone
25%
13 Metallica All Nightmare Long Death Magnetic
25%
14 Metallica All Within My Hands St. Anger
25%
17 Rammstein Amerika Reise, Reise
25%
15 Metallica Am I Evil? Garage, Inc.
25%
16 Metallica Am I Savage? Hardwired... to Self-Destruct
25%
4 Black Sabbath A National Acrobat Sabbath Bloody Sabbath
25%
18 Metallica ...And Justice for All ...And Justice for All
25%
19 Metallica (Anesthesia) – Pulling Teeth Kill 'Em All
25%
20 Hozier Angel of Small Death and the Codeine Scene Hozier
25%
21 Pink Floyd Another Brick in the Wall, Part 1 The Wall
25%
22 Pink Floyd Another Brick in the Wall, Part 2 The Wall
25%
23 Pink Floyd Another Brick in the Wall, Part 3 The Wall
25%
24 Electric Light Orchestra Another Heart Breaks Time
25%
25 Arctic Monkeys Arabella AM
25%
27 Rammstein Asche zu Asche Herzeleid
25%
28 Metallica Astronomy Garage, Inc.
25%
29 Metallica Atlas, Rise! Hardwired... to Self-Destruct
25%
30 Pink Floyd Atom Heart Mother Suite Atom Heart Mother
25%
5 Megadeth A Tout le Monde Youthanasia
25%
31 Metallica Attitude Reload
25%
32 Rammstein Ausländer untitled
25%
33 Perfect Autobiografia Unu
25%
34 Måneskin BABY SAID RUSH!
25%
35 Imagine Dragons Bad Liar Origins
25%
36 Metallica Bad Seed Reload
25%
38 Sweet Ballroom Blitz Throwback Tunes: Classic Rock
25%
37 Budka Suflera Bal wszystkich świętych Bal wszystkich świętych
25%
39 Metallica Battery Master of Puppets
25%
40 Slipknot Before I Forget Vol. 3: (The Subliminal Verses)
25%
41 Måneskin Beggin' Chosen
25%
42 Black Sabbath Behind the Wall of Sleep Black Sabbath
25%
43 Scorpions Believe in Love Savage Amusement
25%
44 Metallica Better Than You Reload
25%
47 Metallica Blackened ...And Justice for All
25%
48 Metallica Blackened 2020 Blackened 2020
25%
49 Exodus Blacklist Tempo of the Damned
25%
45 Deep Purple Black Night Deep Purple in Rock
25%
46 Black Sabbath Black Sabbath Black Sabbath
25%
50 Metallica Bleeding Me Load
25%
51 Imagine Dragons Bleeding Out Night Visions
25%
52 Metallica Blitzkrieg Garage, Inc.
25%
53 Slayer Bloodline God Hates Us All
25%
54 Drowning Pool Bodies Sinner
25%
55 Lou Reed, Metallica Brandenburg Gate Lulu
25%
56 Metallica Breadfan Garage, Inc.
25%
57 Pink Floyd Breathe (In the Air) The Dark Side of the Moon
25%
58 Nirvana Breed Nevermind
25%
59 Evanescence Bring Me to Life Fallen
25%
60 Pink Floyd Bring The Boys Back Home The Wall
25%
61 Metallica Broken, Beat & Scarred Death Magnetic
25%
62 Dire Strais Brothers In Arms Brothers In Arms
25%
63 Rammstein Bück dich Sehnsucht
25%
64 Rammstein Bück dich - Live Live aus Berlin
25%
65 Blue Öyster Cult Burnin' for You Fire of Unknown Origin
25%
66 Slipknot Butcher's Hook All Hope Is Gone
25%
67 System Of A Down B.Y.O.B. Mezmerize
25%
69 Metallica Carpe Diem Baby Reload
25%
71 Metallica Chasing Light 72 Seasons
25%
72 Modern Talking Cheri Cheri Lady Let's Talk About Love
25%
73 Warrant Cherry Pie Cherry Pie
25%
74 Slipknot Child of Burning Time All Hope Is Gone
25%
75 System Of A Down Chop Suey! Toxicity
25%
77 Pink Floyd Comfortably Numb The Wall
25%
78 Pink Floyd Coming Back to Life The Division Bell
25%
79 Metallica Commando St. Anger (Single)
25%
80 Måneskin CORALINE Teatro d'ira: Vol. I
25%
81 Pantera Cowboys from Hell Cowboys from Hell
25%
82 Metallica Crash Course in Brain Surgery The $5.98 E.P. – Garage Days Re-Revisited
25%
84 Metallica Creeping Death Ride the Lightning
25%
85 Slipknot Critical Darling We Are Not Your Kind
25%
86 Metallica Crown of Barbed Wire 72 Seasons
25%
87 Quiet Riot Cum on Feel the Noize Metal Health
25%
88 Metallica Cure Load
25%
89 Slipknot Custer .5: The Gray Chapter
25%
90 Metallica Cyanide Death Magnetic
25%
91 Nirvana D-7 - 1992/Live at Reading Live at Reading
25%
92 Metallica Damage, Inc. Master of Puppets
25%
93 Ghost Dance Macabre Prequelle
25%
94 Kraftwerk Das Model 3-D Der Katalog
25%
95 Rammstein Das Modell Raritäten (1994 - 2012)
25%
96 Megadeth Dawn Patrol Rust in Peace
25%
97 The Runaways Dead End Justice The Runaways
25%
98 Slipknot Dead Memories All Hope Is Gone
25%
99 Rammstein Deutschland untitled
25%
100 Metallica Devil's Dance Reload
25%
101 Rammstein Diamant untitled
25%
103 Metallica Dirty Window St. Anger
25%
104 Metallica Disposable Heroes Master of Puppets
25%
105 Myslovitz Długość dźwięku samotności Miłość w czasach popkultury
25%
107 Pink Floyd Dogs Animals
25%
106 Arctic Monkeys Do I Wanna Know? AM
25%
108 Electric Light Orchestra Don't Bring Me Down Discovery
25%
109 Blue Öyster Cult (Don't Fear) The Reaper Agents of Fortune
25%
110 Pink Floyd Don't Leave Me Now The Wall
25%
111 Journey Don't Stop Believin' Escape
25%
112 Metallica Don't Tread On Me Metallica
25%
114 Metallica Dream No More Hardwired... to Self-Destruct
25%
113 Mötley Crüe Dr. Feelgood Dr. Feelgood
25%
117 Slipknot Duality Vol. 3: (The Subliminal Verses)
25%
118 Nirvana Dumb In Utero
25%
116 Rammstein Du riechst so gut Herzeleid
25%
119 Metallica Dyers Eve ...And Justice for All
25%
120 Kwiat Jabłoni Dziś późno pójdę spać Niemożliwe
25%
121 Pink Floyd Eclipse The Dark Side of the Moon
25%
122 The Beatles Eleanor Rigby Yellow Submarine Soundtrack
25%
123 Pink Floyd Empty Spaces The Wall
25%
124 Rammstein Engel Sehnsucht
25%
126 Metallica Escape Ride the Lightning
25%
127 R.E.M. Everybody Hurts Automatic For The People
25%
128 Mercyful Fate Evil Melissa
25%
129 Black Sabbath Evil Woman, Don't Play Your Games with Me Black Sabbath
25%
130 Slipknot .execute. All Hope Is Gone
25%
131 Metallica Eye of the Beholder ...And Justice for All
25%
132 Metallica Fade to Black Ride the Lightning
25%
133 Pink Floyd Fat Old Sun Atom Heart Mother
25%
134 Iron Maiden Fear of the Dark Fear of the Dark
25%
135 Rammstein Feuer frei! Mutter
25%
136 Metallica Fight Fire with Fire Ride the Lightning
25%
137 Blue Öyster Cult Fire of Unknown Origin Fire of Unknown Origin
25%
138 Metallica Fixxxer Reload
25%
139 Metallica For Whom the Bell Tolls Ride the Lightning
25%
140 Nirvana Frances Farmer Will Have Her Revenge on Seattle In Utero
25%
141 Metallica Frantic St. Anger
25%
142 Korn Freak on a Leash Follow the Leader
25%
143 Metallica Free Speech for the Dumb Garage, Inc.
25%
144 Electric Light Orchestra From the End of the World Time
25%
145 Lou Reed, Metallica Frustration Lulu
25%
146 Metallica Fuel Reload
25%
147 Slipknot Gehenna All Hope Is Gone
25%
148 Slipknot Gematria (The Killing Name) All Hope Is Gone
25%
149 Pink Floyd Goodbye Blue Sky The Wall
25%
151 Måneskin, Tom Morello GOSSIP RUSH!
25%
152 Type O Negative Gravitational Constant: G = 6.67 × 10−8 cm−3 gm−1 sec−2 Slow, Deep and Hard
25%
153 Omega Gyöngyhajú lány 10 000 lépés
25%
154 Nazareth Hair of the Dog Hair of the Dog
25%
155 Rammstein Halleluja Raritäten (1994 - 2012)
25%
156 Rammstein Hallomann untitled
25%
158 Jakerton Hampter's Gotta Ball Hampter's Gotta Ball
25%
159 Lordi Hard Rock Hallelujah The Arockalypse
25%
160 Metallica Hardwired Hardwired... to Self-Destruct
25%
161 Metallica Harvester of Sorrow ...And Justice for All
25%
162 Metallica Hate Train Beyond Magnetic
25%
163 Pink Floyd Have a Cigar Wish You Were Here
25%
164 Pink Floyd Have a Cigar - Alternative Version Have a Cigar
25%
166 Metallica Hell and Back Beyond Magnetic
25%
167 Diamond Head Helpless Lightning To The Nations 2020
25%
168 Metallica Helpless The $5.98 E.P. – Garage Days Re-Revisited
25%
169 Metallica Here Comes Revenge Hardwired... to Self-Destruct
25%
170 Electric Light Orchestra Here Is the News Time
25%
171 Metallica Hero of the Day Load
25%
174 Pink Floyd Hey, Hey, Rise Up! Hey, Hey, Rise Up!
25%
172 Type O Negative Hey Pete - Pete's Ego Trip Version Slow, Deep and Hard (2009 Remaster)
25%
173 Pink Floyd Hey You The Wall
25%
175 Pink Floyd High Hopes The Division Bell
25%
176 Pink Floyd High Hopes - Live Pulse
25%
177 Deep Purple Highway Star Machine Head
25%
178 Metallica Hit the Lights Kill 'Em All
25%
179 Metallica Holier than Thou Metallica
25%
180 Måneskin HONEY (ARE U COMING?) RUSH! (ARE U COMING?)
25%
181 Metallica - Human (Live with the SFSO) S&M
25%
182 Muse Hysteria Absolution
25%
183 Slipknot I Am Hated Iowa
25%
191 Rammstein Ich will Mutter
25%
184 Męskie Granie Orkiestra, Daria Zawiałow, Dawid Podsiadło, Vito Bambino I Ciebie też, bardzo Męskie Granie 2021
25%
185 Metallica I Disappear I Disappear
25%
190 System Of A Down I-E-A-I-A-I-O Steal This Album!
25%
192 Pink Floyd If Atom Heart Mother
25%
193 Metallica If Darkness Had a Son 72 Seasons
25%
186 Nirvana I Hate Myself And I Want To Die In Utero (Deluxe Edition)
25%
194 Måneskin IL DONO DELLA VITA RUSH!
25%
189 Elton John I'm Still Standing Too Low For Zero
25%
197 Metallica Inamorata 72 Seasons
25%
195 Pink Floyd In The Flesh The Wall
25%
196 Pink Floyd In The Flesh? The Wall
25%
198 Metallica Invisible Kid St. Anger
25%
199 Christie Iron Horse For All Mankind
25%
200 Pink Floyd Is There Anybody Out There? The Wall
25%
201 Diamond Head It's Electric Lightning To The Nations 2020
25%
202 Metallica It's Electric Garage, Inc.
25%
203 Bon Jovi It's My Life Crush
25%
204 Guns N' Roses It's So Easy Appetite for Destruction
25%
188 Arctic Monkeys I Wanna Be Yours AM
25%
187 Måneskin I WANNA BE YOUR SLAVE Teatro d'ira: Vol. I
25%
205 L.U.C., Rebel Babel Film Orchestra, Kayah, Dagadana, Laboratorium Pieśni, Tęgie Chłopy Jesień - Tańcuj Chłopi
25%
206 Blue Öyster Cult Joan Crawford Fire of Unknown Origin
25%
207 Metallica Jump in the Fire Kill 'Em All
25%
208 Metallica Just a Bullet Away Beyond Magnetic
25%
209 Pink Floyd Keep Talking The Division Bell
25%
210 Queen Killer Queen Sheer Heart Attack
25%
211 Metallica Killing Time Garage, Inc.
25%
212 Slipknot Killpop .5: The Gray Chapter
25%
213 Metallica King Nothing Load
25%
214 Guns N' Roses Knockin' On Heaven's Door Use Your Illusion II
25%
215 L.U.C., Rebel Babel Film Orchestra, Kwiat Jabłoni, Bela Komoszyńska Koniec Lata Chłopi
25%
216 Lady Pank Kryzysowa narzeczona Lady Pank
25%
218 Ratt Lack of Communication Out of the Cellar
25%
217 Måneskin LA FINE RUSH!
25%
219 Nirvana Lake of Fire - Live MTV Unplugged in New York
25%
220 Metallica Last Caress/Green Hell The $5.98 E.P. – Garage Days Re-Revisited
25%
221 ABBA Lay All Your Love On Me Super Trouper
25%
222 Pink Floyd Learning to Fly A Momentary Lapse of Reason
25%
223 Slipknot Left Behind Iowa
25%
224 Metallica Leper Messiah Master of Puppets
25%
225 Metallica Leper Messiah - Live Some Kind of Monster
25%
226 Kult Lewe lewe loff Muj wydafca
25%
227 Rammstein Liebe ist für alle da Liebe ist für alle da
25%
228 Rammstein Links 2 3 4 Mutter
25%
229 Nirvana Lithium Nevermind
25%
230 Guns N' Roses Live and Let Die Use Your Illusion I
25%
231 Bon Jovi Livin' on a Prayer Slippery When Wet
25%
233 System Of A Down Lonely Day Hypnotize
25%
234 Pink Floyd Lost for Words The Division Bell
25%
232 Billie Eilish, Rosalía Lo Vas a Olvidar Lo Vas a Olvidar
25%
235 NIrvana Love Buzz Bleach
25%
236 Nazareth Love Hurts Hair of the Dog
25%
237 Metallica Loverman Garage, Inc.
25%
238 Kiltro Lovers Creatures of Habit
25%
239 Metallica Low Man's Lyric Reload
25%
240 Metallica Lux Æterna 72 Seasons
25%
241 Metallica Mama Said Load
25%
242 Republika Mamona Masakra
25%
243 Måneskin MARK CHAPMAN RUSH!
25%
244 Ghost Mary On A Cross [MESSAGE FROM THE CLERGY]
25%
245 Metallica Master of Puppets Master of Puppets
25%
246 Rammstein Mein Herz brennt Mutter
25%
247 Rammstein Mein Teil Reise, Reise
25%
248 Metallica Mercyful Fate Garage, Inc.
25%
249 Metallica Metal Militia Kill 'Em All
25%
250 Nirvana Milk It In Utero
25%
251 Dick Dale Miserlou Surfer's Choice
25%
252 Nirvana Moist Vagina In Utero (Deluxe Edition)
25%
255 Dire Strais Money For Nothing Brothers In Arms
25%
256 Axwell & Ingrosso More Than You Know More Than You Know
25%
257 Måneskin Morirò da re Il ballo della vita
25%
258 Rammstein Moskau Reise, Reise
25%
260 Pink Floyd Mother The Wall
25%
259 Metallica Moth Into Flame Hardwired... to Self-Destruct
25%
261 Metallica Motorbreath Kill 'Em All
25%
262 Rammstein Mutter Mutter
25%
263 Metallica My Apocalypse Death Magnetic
25%
264 Metallica My Friend of Misery Metallica
25%
265 Imagine Dragons My Life Mercury - Acts 1 & 2
25%
266 Deftones My Own Summer (Shove It) Around the Fur
25%
267 Metallica My World St. Anger
25%
269 Rammstein Nebel Mutter
25%
270 Slipknot Nero Forte We Are Not Your Kind
25%
268 Black Sabbath N.I.B. Black Sabbath
25%
271 Guns 'N Roses Nightrain Appetite for Destruction
25%
272 Pidżama Porno Nikt tak pięknie nie mówił, że się boi miłości Bułgarskie centrum
25%
276 Pink Floyd Nobody Home The Wall
25%
273 Metallica No Leaf Clover (Live with the SFSO) S&M
25%
274 Metallica No Remorse Kill 'Em All
25%
277 Metallica Nothing Else Matters Metallica
25%
278 Metallica Nothing Else Matters - Elevator Version Metallica (Deluxe Box Set)
25%
275 Billie Eilish No Time to Die No Time to Die
25%
280 Metallica Now That We're Dead Hardwired... to Self-Destruct
25%
282 Måneskin OFF MY FACE RUSH! (ARE U COMING?)
25%
281 Metallica Of Wolf and Man Metallica
25%
285 Pink Floyd One Of My Turns The Wall
25%
286 Savage Only You Tonight
25%
283 Pink Floyd On the Run The Dark Side of the Moon
25%
287 Metallica Orion Master of Puppets
25%
288 Tymek, Brodka, Urbanski Ostatni (Rojst '97 | Netflix) Ostatni (Rojst '97 | Netflix)
25%
289 Pink Floyd Outside The Wall The Wall
25%
290 Måneskin OWN MY MIND RUSH!
25%
291 Jean-Michel Jarre Oxygène (Part IV) Oxygène
25%
292 The Rolling Stones Paint It Black Aftermath
25%
294 Nirvana Pennyroyal Tea In Utero
25%
295 Slipknot People = Shit Iowa
25%
296 Metallica Phantom Lord Kill 'Em All
25%
298 Pink Floyd Pigs on the Wing (Part One) Animals
25%
299 Pink Floyd Pigs on the Wing (Part Two) Animals
25%
297 Pink Floyd Pigs (Three Different Ones) Animals
25%
300 Nazareth Please Don't Judas Me Hair of the Dog
25%
301 Alice Cooper Poison Trash
25%
303 Metallica Poor Twisted Me Load
25%
304 The Offspring Pretty Fly (For a White Guy) Americana
25%
305 Metallica Prince Charming Reload
25%
306 Electric Light Orchestra Prologue Time
25%
307 Slipknot Psychosocial All Hope Is Gone
25%
308 Slipknot Pulse of the Maggots Vol. 3: (The Subliminal Verses)
25%
309 Rammstein Puppe untitled
25%
310 Metallica Purify St. Anger
25%
311 Rammstein Pussy Liebe ist für alle da
25%
313 Rammstein Radio untitled
25%
314 Nirvana Radio Friendly Unit Shifter In Utero
25%
316 Slayer Raining Blood Reign In Blood
25%
315 Electric Light Orchestra Rain Is Falling Time
25%
317 Nirvana Rape Me In Utero
25%
319 Slayer Repentless Repentless
25%
321 Metallica Ronnie Load
25%
322 Metallica Ronnie Rising Medley (A Light in the Black / Tarot Woman / Stargazer / Kill the King) Hardwired... to Self-Destruct (Deluxe)
25%
324 Sepultura Roots Bloody Roots Roots
25%
325 Pink Floyd Run Like Hell The Wall
25%
326 Black Sabbath Sabbra Cadabra Sabbath Bloody Sabbath
25%
327 Metallica Sabbra Cadabra Garage, Inc.
25%
328 Metallica Sad But True Metallica
25%
329 Nirvana Sappy In Utero (Deluxe Edition)
25%
330 Nirvana Scentless Apprentice In Utero
25%
331 Metallica Screaming Suicide 72 Seasons
25%
332 Metallica Seek & Destroy Kill 'Em All
25%
333 Rammstein Sehnsucht Sehnsucht
25%
335 Rammstein Sex untitled
25%
336 Metallica Shadows Follow 72 Seasons
25%
337 Pink Floyd Sheep Animals
25%
338 Pink Floyd Shine On You Crazy Diamond (Parts I–V) Wish You Were Here
25%
339 Pink Floyd Shine On You Crazy Diamond (Parts VI–IX) Wish You Were Here
25%
340 Metallica Shoot Me Again St. Anger
25%
341 Slipknot (sic) Slipknot
25%
342 Adele Skyfall Skyfall
25%
343 Black Sabbath Sleeping Village Black Sabbath
25%
344 Metallica Sleepwalk My Life Away 72 Seasons
25%
345 Kaosis, Anders Colsefni Slipknot Mate. Feed. Kill. Repeat.
25%
346 Metallica Slither Reload
25%
348 Deep Purple Smoke on the Water Machine Head
25%
349 Imagine Dragons Snap Out of It AM
25%
350 Slipknot Snuff All Hope Is Gone
25%
354 Gotye, Kimbra Somebody That I Used to Know Making Mirrors
25%
355 The Killers Somebody Told Me Hot Fuss
25%
352 Metallica Some Kind of Monster St. Anger
25%
353 Metallica Some Kind of Monster - Edit Some Kind of Monster
25%
356 Nirvana Something In The Way Nevermind
25%
357 Blur Song 2 Blur
25%
351 Metallica So What Garage, Inc.
25%
359 Rammstein Spieluhr Mutter
25%
360 Slipknot Spit It Out Slipknot
25%
361 Metallica Spit Out the Bone Hardwired... to Self-Destruct
25%
363 Led Zeppelin Stairway to Heaven Led Zeppelin IV
25%
362 Metallica St. Anger St. Anger
25%
364 Scorpions Still Loving You Love at First Sting
25%
365 Metallica Stone Cold Crazy Garage, Inc.
25%
366 Pink Floyd Stop The Wall
25%
367 Rammstein Stripped Raritäten (1994 - 2012)
25%
368 System Of A Down Sugar System Of A Down
25%
369 Metallica Suicide & Redemption Death Magnetic
25%
370 System Of A Down Suite-Pee System Of A Down
25%
371 Slipknot Sulfur All Hope Is Gone
25%
372 Dire Strais Sultans of Swing Dire Straits
25%
373 Pink Floyd Summer '68 Atom Heart Mother
25%
374 Lana Del Rey Summertime Sadness Born to Die
25%
375 Robbie Williams Supreme Sing When You're Winning
25%
376 Metallica Sweet Amber St. Anger
25%
378 Eurythmics Sweet Dreams (Are Made of This) Sweet Dreams (Are Made of This)
25%
379 Megadeth Symphony Of Destruction Countdown To Extinction
25%
381 Rainbow Tarot Woman Rising
25%
382 Rammstein Tattoo untitled
25%
383 Electric Callboy Tekkno Train TEKKNO
25%
384 Metallica That Was Just Your Life Death Magnetic
25%
385 Slipknot The Blister Exists Vol. 3: (The Subliminal Verses)
25%
386 Metallica The Call of Ktulu Ride the Lightning
25%
387 Metallica The Day That Never Comes Death Magnetic
25%
388 Måneskin THE DRIVER RUSH! (ARE U COMING?)
25%
389 Metallica The Ecstasy of Gold (Live with the SFSO) S&M
25%
390 Metallica The End of the Line Death Magnetic
25%
391 Europe The Final Countdown The Final Countdown
25%
392 Metallica The Four Horsemen Kill 'Em All
25%
393 Metallica The Four Horsemen - Live Some Kind of Monster
25%
394 Metallica The Frayed Ends of Sanity ...And Justice for All
25%
395 Metallica The God that Failed Metallica
25%
396 Pink Floyd The Great Gig in the Sky The Dark Side of the Moon
25%
397 Pink Floyd The Happiest Days of Our Lives The Wall
25%
398 Slipknot The Heretic Anthem Iowa
25%
399 Metallica The House Jack Built Load
25%
400 Metallica The Judas Kiss Death Magnetic
25%
401 Metallica, Marianne Faithfull The Memory Remains Reload
25%
402 Metallica The More I See Garage, Inc.
25%
423 Blue Öyster Cult Then Came the Last Days of May Blue Öyster Cult
25%
403 Metallica The Outlaw Torn Load
25%
404 Metallica The Prince Garage, Inc.
25%
406 Queen The Show Must Go On Innuendo
25%
407 Pink Floyd The Show Must Go On The Wall
25%
408 Metallica The Small Hours The $5.98 E.P. – Garage Days Re-Revisited
25%
409 Metallica The Struggle Within Metallica
25%
411 Metallica The Thing that Should not Be Master of Puppets
25%
410 Pink Floyd The Thin Ice The Wall
25%
412 Pink Floyd The Trial The Wall
25%
413 Iron Maiden The Tropper Piece of Mind
25%
414 Cage The Elephant The Unforgiven The Metallica Blacklist
25%
415 Metallica The Unforgiven Metallica
25%
416 Metallica The Unforgiven II Reload
25%
417 Metallica The Unforgiven III Death Magnetic
25%
418 Metallica The Unnamed Feeling St. Anger
25%
419 Lou Reed, Metallica The View Lulu
25%
420 Metallica The Wait The $5.98 E.P. – Garage Days Re-Revisited
25%
421 Electric Light Orchestra The Way Life's Meant to Be Time
25%
422 Black Sabbath The Wizard Black Sabbath
25%
424 Slipknot This Cold Black All Hope Is Gone
25%
425 Metallica Thorn Within Load
25%
426 Stone Sour Through Glass Come What(ever) May
25%
428 AC/DC Thunderstruck The Razors Edge
25%
429 Electric Light Orchestra Ticket to the Moon Time
25%
430 Slipknot 'Til We Die All Hope Is Gone
25%
431 Pink Floyd Time The Dark Side of the Moon
25%
432 Sabaton To Hell and Back Heroes
25%
433 Metallica To Live is to Die ...And Justice for All
25%
434 The Smashing Pumpkins Tonight, Tonight Mellon Collie and the Infinite Sadness
25%
436 Måneskin Torna a casa Il ballo della vita
25%
437 Nirvana Tourette's In Utero
25%
438 System Of A Down Toxicity Toxicity
25%
439 Metallica Trapped Under Ice Ride the Lightning
25%
440 Måneskin TRASTEVERE RUSH! (ARE U COMING?)
25%
441 Metallica Tuesday's Gone Garage, Inc.
25%
442 Metallica Turn the Page Garage, Inc.
25%
443 Electric Light Orchestra Twilight Time
25%
444 Metallica Until It Sleeps Load
25%
445 PRO8L3M V Fight Club
25%
446 Måneskin VALENTINE RUSH! (ARE U COMING?)
25%
447 Slipknot Vendetta All Hope Is Gone
25%
448 Blue Öyster Cult Vengeance Fire of Unknown Origin
25%
449 Måneskin VENT'ANNI Teatro d'ira: Vol. I
25%
450 Pink Floyd Vera The Wall
25%
451 Slipknot Vermilion Vol. 3: (The Subliminal Verses)
25%
452 Slipknot Vermilion - Alternate Mix Vol. 3: (The Subliminal Verses)
25%
453 Slipknot Vermilion, Pt. 2 Vol. 3: (The Subliminal Verses)
25%
454 Slipknot Vermilion, Pt. 2 - Bloodstone Mix All Hope Is Gone
25%
455 Nirvana Very Ape In Utero
25%
456 Blue Öyster Cult Veteran of the Psychic Wars Fire of Unknown Origin
25%
457 System Of A Down Violent Pornography Mezmerize
25%
458 Rammstein Waidmanns Heil Liebe ist für alle da
25%
459 Slipknot Wait and Bleed Slipknot
25%
460 Pink Floyd Waiting For The Worms The Wall
25%
461 Pantera Walk Vulgar Display of Power
25%
462 Black Sabbath Warning Black Sabbath
25%
463 Rammstein Was ich liebe untitled
25%
464 Metallica Wasting My Hate Load
25%
466 LIZOT, Emelie Cyréus Weekend Weekend (feat. Emelie Cyréus)
25%
465 Electric Callboy We Got the Moves TEKKNO
25%
468 Metallica Welcome Home (Sanitarium) Master of Puppets
25%
469 Guns N' Roses Welcome to the Jungle Appetite for Destruction
25%
470 Pink Floyd Welcome to the Machine Wish You Were Here
25%
471 Metallica When a Blind Man Cries Hardwired... to Self-Destruct (Deluxe)
25%
472 Nirvana Where Did You Sleep Last Night - Live MTV Unplugged in New York
25%
474 Slipknot Wherein Lies Continue All Hope Is Gone
25%
473 Metallica Where The Wild Things Are Reload
25%
475 Metallica Wherever I May Roam Metallica
25%
476 Metallica Whiplash Kill 'Em All
25%
477 Metallica Whiskey in the Jar Garage, Inc.
25%
478 AC/DC Whole Lotta Rosie Let There Be Rock
25%
479 Arctic Monkeys Why'd You Only Call Me When You're High? AM
25%
480 Black Sabbath Wicked World Black Sabbath
25%
481 Sztywny Pal Azji Wieża radości, wieża samotności Spotkanie z... 1986-1994
25%
482 Scorpions Wind of Change Crazy World
25%
483 Pink Floyd Wish You Were Here Wish You Were Here
25%
484 Pidżama Porno Wódka Bułgarskie centrum
25%
485 Rammstein Wollt ihr das Bett in Flammen sehen Herzeleid
25%
486 David Guetta, Cedric Gervais, Chris Willis Would I Lie to You Would I Lie to You
25%
487 Imagine Dragons Wrecked Wrecked
25%
488 Sam Smith Writing's on the Wall Writing's on the Wall
25%
489 Christie Yellow River Christie
25%
490 Yot Club YKWIM? Bipolar
25%
491 Guns N' Roses You Could Be Mine Use Your Illusion II
25%
492 Nirvana You Know You're Right Nirvana
25%
493 Metallica You Must Burn! 72 Seasons
25%
495 Pink Floyd Young Lust The Wall
25%
494 Modern Talking You're My Heart, You're My Soul The First & The Second Album
25%
496 Electric Light Orchestra Yours Truly, 2095 Time
25%
497 Rammstein Zeig dich untitled
25%
498 Måneskin ZITTI E BUONI Teatro d'ira: Vol. I
25%
499 Rammstein Zwitter Mutter
25%
76 Nirvana Come As You Are Nevermind
0%
102 Metallica Die, Die My Darling Garage, Inc.
0%
150 Pink Floyd Goodbye Cruel World The Wall
0%
157 Metallica Halo on Fire Hardwired... to Self-Destruct
0%
323 Metallica Room of Mirrors 72 Seasons
0%
312 Arctic Monkeys R U Mine? AM
0%
334 Nirvana Serve the Servants In Utero
0%
405 Metallica The Shortest Straw ...And Justice for All
0%
427 Metallica Through the Never Metallica
0%
435 Metallica Too Far Gone? 72 Seasons
0%
467 Rammstein Weit weg untitled
0%
Nie znaleziono quizów pasujących do podanych kryteriów
Rozkład punktacji
Procent ludzi z każdym wynikiem
Percentyl według liczby udzielonych odpowiedzi
Twoja historia wyników
Nie rozwiązałeś tego quizu